000 00995nam0a22002771 4500
001 rc\2214105
005 20250623002014.0
035 _a(NLR Aleph) 006488487
090 _a6107448
_c6107448
100 _a20110829d1978 |||y0rusy50 ca
101 0 _arus
102 _aRU
105 _ay z |||||
200 1 _aПрограмма ликвидации туберкулеза как существенной проблемы здравоохранения в РСФСР: 1979-1990 гг.
_f[Авт.: И.М. Бондарев, А.Л. Кучеров, С.С. Рытвинский, Г.С. Федорова]
210 _aМосква
_cБ. и.
_d1978
215 _a[1], 24 с.
_d20
333 _aДСП. Экз. № 3
701 1 _aКучеров
_bА.Л.
701 1 _aРытвинский
_bС.С.
701 1 _aБондарев
_bИ.М.
701 1 _aФедорова
_bГ.С.
801 0 _aRU
_bNLR
_gpsbo
801 1 _aRU
_bELAR
_2rusmarc
852 _aNLR
_j78-50К/5190
942 _cBOOK
980 _aNB